Himnos triunfales: epinicios y las odas y fragmentos de Anacreonte, Safo y Erina

Uloženo v:
Podrobná bibliografie
Hlavní autor: Pindaro (Autor)
Médium: Kniha
Jazyk:španělština
Vydáno: Barcelona Iberia 1946
Edice:Obras Maestras, 37-61
Témata:
Tagy: Přidat tag
Žádné tagy, Buďte první, kdo vytvoří štítek k tomuto záznamu!

MARC

LEADER 00000cam a2200000 a 4500
001 UCV8715
003 CL-VaPUC
008 911122e19460000SP |||||||||||||||||spa|d
082 0 4 |a 881  |b PIN  |2 21 
100 0 |a Pindaro  |e author  |9 302741 
245 1 0 |a Himnos triunfales: epinicios y las odas y fragmentos de Anacreonte, Safo y Erina 
300 |a 292 p 
942 |c BK 
945 |d 19911122 00:00:00 
260 |a Barcelona  |b Iberia  |c 1946 
650 0 |a Poesía griega  |9 265627 
583 |a last modification  |c 20130627 04:32:50  |k Rodrigo Vera 
490 0 |a Obras Maestras, 37-61 
999 |c 214192  |d 214190 
952 |0 0  |1 0  |4 0  |6 881_000000000000000_PIN_1946  |7 0  |8 P  |9 197342  |a BIBARQ  |b BIBARQ  |d 2019-11-14  |i 265010K  |o 881 PIN 1946  |p 265010K  |r 2025-01-20  |w 2019-11-14  |y BK  |k ARQ 
952 |0 0  |1 0  |4 0  |6 881_000000000000000_PIN_1946  |7 0  |8 X  |9 197343  |a BIBHIS  |b BIBHIS  |d 2019-11-14  |i 1366882  |o 881 PIN 1946  |p 1366882  |r 2024-01-30  |w 2019-11-14  |y BK_X  |k HIS 
952 |0 0  |1 0  |4 0  |6 881_000000000000000_PIN_1946  |7 0  |8 A  |9 197345  |a BIBART  |b BIBART  |d 2019-11-14  |i 4984919  |o 881 PIN 1946  |p 4984919  |r 2025-03-13  |w 2019-11-14  |y BK  |k ART